|
|
|
|
| LEADER |
00000nab a2200000 a 4500 |
| 001 |
vtls000651383 |
| 003 |
SK-MaSNL |
| 005 |
20260304084341.0 |
| 008 |
250425c1998 xo 0 slo |
| 015 |
|
|
|a SNBRA1998/01-00431
|
| 035 |
|
|
|a CLN000003577
|
| 035 |
|
|
|a urn:nbn:sk:snk-ab1g83
|
| 035 |
|
|
|a (urnnbn)urn:nbn:sk:snk:ar-003dan
|
| 035 |
|
|
|a (uuid)c90093a7-3137-4da9-a479-ed6dbef9a79c
|
| 040 |
|
|
|a SNKBUCL
|b slo
|c SNKBUCL
|e AACR2
|
| 041 |
0 |
|
|a hun
|
| 044 |
|
|
|a xo
|c SK
|
| 080 |
|
|
|a 82(091):894.511 (498)"19"
|2 1997
|
| 080 |
|
|
|a 894.511 (498)(091)"19"
|2 1997
|
| 100 |
1 |
|
|a Szőcs, Géza,
|d 1953-
|4 aut
|9 160433
|
| 245 |
1 |
0 |
|a Fűrész-kor népe
|c Szőcs Géza
|
| 600 |
1 |
7 |
|a Tóth, Krisztina,
|d 1967-
|x básnická tvorba
|x kritika a interpretácie
|2 snkbucl
|9 1376621
|
| 655 |
|
7 |
|a články z novín a časopisov
|2 snkbucl
|2 snkbucl
|9 267496
|
| 773 |
0 |
|
|t Kalligram
|g Č. 1-2 (1998), s. 49-54
|x 1335-1826
|
| 850 |
|
|
|a Slovenská národná knižnica
|
| 852 |
|
|
|a Slovenská národná knižnica
|
| 958 |
|
|
|a article27
|
| 958 |
|
|
|a OND
|
| 958 |
|
|
|a HU
|
| 958 |
|
|
|a LX
|
| 958 |
|
|
|a RO
|
| 992 |
|
|
|a RBX
|
| 999 |
|
|
|c 2803049
|d 2804979
|